| 000 | 00439nam a2200133Ia 4500 | ||
|---|---|---|---|
| 008 | 170221s9999 xx 000 0 und d | ||
| 100 | _aMonahan, Kelly. | ||
| 245 | 2 | _aA Review of the Literature Concerning Ethical Leadership in Organizations | |
| 245 | _cKelly Monahan | ||
| 260 | _c2012 | ||
| 300 | _a32 : 2 | ||
| 650 | _xBusiness | ||
| 856 | _uhttp://www.regent.edu/acad/global/publications/elj/vol5iss1/ELJ_Vol5No1_Monahan_pp56-66.pdf | ||
| 999 |
_c311184 _d311184 |
||